[Event "Donihue U2200 op"]
[Site "Donihue"]
[Date "2014.02.01"]
[Round "4"]
[White "Alvarez Flores, Diego Antonio"]
[Black "Conde, Adrian"]
[Result "1/2-1/2"]
[WhiteElo "1816"]
[BlackElo "2071"]
[PlyCount "94"]
[EventDate "2014.01.31"]
[EventType "swiss"]
[EventRounds "7"]
[EventCountry "CHI"]
[SourceTitle "EXT 2015"]
[Source "ChessBase"]
[SourceDate "2014.11.20"]
[SourceVersion "1"]
[SourceVersionDate "2014.11.20"]
[SourceQuality "1"]

1. d4 Nf6 2. c4 e6 3. Nc3 c5 4. Nf3 a6 5. Bg5 Be7 6. e3 cxd4 7. exd4 d5 8. Bd3 dxc4 9. Bxc4 b5 10. Bb3 Bb7 11. 0-0 0-0 12. Rc1 Nbd7 13. Qe2 Nb6 14. Rfd1 h6 15. Bh4 Rc8 16. a3 Nfd5 17. Nxd5 Bxh4 18. Rxc8 Nxc8 19. Nxh4 Qxh4 20. Ne3 Nb6 21. d5 Nxd5 22. Nxd5 Bxd5 23. Bxd5 exd5 24. Rxd5 Rc8 25. g3 Qf6 26. Re5 Rc1+ 27. Kg2 Qc6+ 28. Kh3 Rc2 29. Re8+ Kh7 30. Qd3+ Qg6 31. Qd4 f5 32. Qd8 Qf7 33. Rf8 Qe6 34. Qd4 Rc4 35. Qd3 Re4 36. Kg2 Re2 37. Rxf5 Qe4+ 38. Qxe4 Rxe4 39. Rf3 Re2 40. b4 Ra2 41. Kh3 g5 42. Kg4 Kg6 43. Kh3 h5 44. g4 Rd2 45. gxh5+ Kxh5 46. Kg3 Rc2 47. h3 Ra2 1/2-1/2